Detalles MARC
| 000 -CABECERA |
| campo de control de longitud fija |
01183nam a22002417a 4500 |
| 003 - IDENTIFICADOR DEL NÚMERO DE CONTROL |
| campo de control |
BPGM |
| 008 - DATOS DE LONGITUD FIJA--INFORMACIÓN GENERAL |
| campo de control de longitud fija |
260619b2008 mx bj||| |||| 001 0 spa d |
| 040 ## - FUENTE DE LA CATALOGACIÓN |
| Centro catalogador/agencia de origen |
QUERETARO |
| Lengua de catalogación |
spa |
| 041 ## - CÓDIGO DE LENGUA |
| Código de lengua del texto/banda sonora o título independiente |
spa |
| 082 04 - NÚMERO DE LA CLASIFICACIÓN DECIMAL DEWEY |
| Número de edición |
920.72 / |
| Número de clasificación |
M828c 2008 |
| 100 ## - ENTRADA PRINCIPAL--NOMBRE DE PERSONA |
| Nombre de persona |
GUTIÉRREZ GRAGEDA, BLANCA |
| Término indicativo de función/relación |
COORDINADORA |
| 245 ## - MENCIÓN DE TÍTULO |
| Título |
LA CONSTITUCION DE LA DEMOCRACIA |
| Resto del título |
EN QUERÉTARO: 1824-1991 |
| 250 ## - MENCIÓN DE EDICIÓN |
| Mención de edición |
PRIMERA EDICION |
| Resto de la mención de edición |
2008 |
| 260 ## - PUBLICACIÓN, DISTRIBUCIÓN, ETC. |
| Lugar de publicación, distribución, etc. |
QUERÉTARO ; |
| Nombre del editor, distribuidor, etc. |
UNIVERSIDAD AUTONOMA DE QUERETARO , |
| Fecha de publicación, distribución, etc. |
2008 . |
| 300 ## - DESCRIPCIÓN FÍSICA |
| Extensión |
388 páginas |
| Dimensiones |
21.3 cm x 17.2 cm |
| 336 ## - TIPO DE CONTENIDO |
| Fuente |
rdacontent |
| Término de tipo de contenido |
texto |
| Código de tipo de contenido |
txt |
| 337 ## - TIPO DE MEDIO |
| Fuente |
rdamedia |
| Nombre/término del tipo de medio |
sin mediación |
| Código del tipo de medio |
n |
| 338 ## - TIPO DE SOPORTE |
| Fuente |
rdacarrier |
| Nombre/término del tipo de soporte |
volumen |
| Código del tipo de soporte |
nc |
| 505 ## - NOTA DE CONTENIDO CON FORMATO |
| Nota de contenido con formato |
LA CONSTRUCCIÓN DE LA DEMOCRACIA EN QUERÉTARO (1824-1991) ES UNA OBRA HISTÓRICA Y SOCIOLÓGICA COORDINADA POR BLANCA GUTIÉRREZ GRAGEDA, MARTAGLORIA MORALES GARZA Y EVARISTO MARTÍNEZ CLEMENTE. EL LIBRO EXPLICA QUE LA DEMOCRACIA EN EL ESTADO NO APARECIÓ DE LA NOCHE A LA MAÑANA, SINO QUE FUE EL RESULTADO DE UNA LARGA TENSIÓN ENTRE EL CONTROL POLÍTICO DE LAS ÉLITES Y LAS DEMANDAS DE APERTURA DE LA SOCIEDAD. |
| 650 ## - PUNTO DE ACCESO ADICIONAL DE MATERIA--TÉRMINO DE MATERIA |
| Término de materia o nombre geográfico como elemento de entrada |
GEOGRAFÍA E HISTORIA |
| 650 ## - PUNTO DE ACCESO ADICIONAL DE MATERIA--TÉRMINO DE MATERIA |
| Término de materia o nombre geográfico como elemento de entrada |
BIOGRAFÍA, GENEALOGÍA, INSIGNIAS |
| 942 ## - ELEMENTOS DE PUNTO DE ACCESO ADICIONAL (KOHA) |
| Fuente del sistema de clasificación o colocación |
Dewey Decimal Classification |
| Tipo de ítem Koha |
Colección Querétaro |